Les machines à calculer et la pensée humaine : Paris, 8-13 janvier 1951 /

Guardado en:
Formato: Libro
Idioma:French
Publicado: Paris : Centre National de la Recherche Scientifique, 1953.
Series:Colloques Internationaux du Centre National de la Recherche Scientifique ; 37
Etiquetas: Agregar Etiqueta
Sin Etiquetas, Sea el primero en etiquetar este registro!
LEADER 00542nam a22001335a 4500
001 MAT.inmabb000842
008 031119s1953####fr############001#0#fre#d
005 20160608171336.0
245 1 4 |a Les machines à calculer et la pensée humaine :  |b Paris, 8-13 janvier 1951 /  |c CNRS. 
260 |a Paris :  |b Centre National de la Recherche Scientifique,  |c 1953. 
300 |a xix, 570 p. ;  |c 25 cm. 
440 0 |a Colloques Internationaux du Centre National de la Recherche Scientifique ;  |v 37 
084 |a 68-06 (68T01 68T05)  |2 msc2000 
859 |h 68  |i M149  |p A-654  |b BIB. MATEMATICA